Transferencia de calor y masa: Fundamentos y aplicaciones / Yunus A. Cengel, Afshin J. Ghajar (Registro nro. 27062)
[ vista simple ]
| 000 -LÍDER | |
|---|---|
| fixed length control field | 00543nam a2200169 4500 |
| 020 ## - NÚMERO INTERNACIONAL NORMALIZADO PARA LIBROS | |
| ISBN | 978-607-15-0540-8 |
| 050 ## - SIGNATURA TOPOGRAFICA DE LA BIBLIOTECA DEL CONGRESO (LC) | |
| Número de Clasificación | TJ260 C4618 2011 |
| 082 ## - NUMERO DE CLASIFICACION DECIMAL DEWEY | |
| Número de Clasificación | 621.402.2 C395tf |
| 100 ## - ASIENTO PRINCIPAL--NOMBRE PERSONAL | |
| Nombre personal | Cengel, Yunus A. |
| 245 ## - TÍTULO | |
| Título | Transferencia de calor y masa: Fundamentos y aplicaciones / Yunus A. Cengel, Afshin J. Ghajar |
| 250 ## - MENCIÓN DE EDICIÓN | |
| Mención de edición | 3 / 4 Ingles |
| 260 ## - PUBLICACIÓN, DISTRIBUCIÓN, ETC. (PIE DE IMPRENTA) | |
| Lugar de publicación, distribución, etc. | México : McGraw-Hill |
| 300 ## - DESCRIPCIÓN FÍSICA | |
| Extensión | xxii, 920 p. / 27 cm. |
| 500 ## - NOTA GENERAL | |
| Nota general | Incluye DVD |
| 650 ## - ASIENTO SECUNDARIO DE MATERIA - TERMINO TEMÁTICO | |
| Término temático o nombre geográfico como elemento de entrada | 1. CALOR-TRANSMISIÓN / 2. APLICACIONES INDUSTRIALES |
| 700 ## - ASIENTO SECUNDARIO - NOMBRE PERSONAL | |
| Nombre personal | I. Ghajar Afshin J. Coaut. |
| No. biblioteca | No. biblioteca | Número de clasificación | Código de barras/Número de adquisición | Número de copia | Tipo de material |
|---|---|---|---|---|---|
| ÁREA DE ELECTROMECÁNICA | LUIS G. INCLAN | 621.402.2 C395tf | 51679 | 2 | Libros |
| ÁREA DE ELECTROMECÁNICA | LUIS G. INCLAN | 621.402.2 C395tf | 51681 | 4 | Libros |
| ÁREA DE BIOQUÍMICA | LUIS G. INCLAN | 621.402.2 C395tf | 52507 | 6 | Libros |
| ÁREA DE QUÍMICA | LUIS G. INCLAN | 621.402.2 C395tf | 52574 | 8 | Libros |
| ÁREA DE QUÍMICA | LUIS G. INCLAN | 621.402.2 C395tf | 52575 | 9 | Libros |
| ÁREA DE QUÍMICA | LUIS G. INCLAN | 621.402.2 C395tf | 52576 | 10 | Libros |
| ÁREA DE ELECTROMECÁNICA | ÁREA DE ELECTROMECÁNICA | 621.402.2 C395tf | 51678 | 1 | Libros |
| ÁREA DE ELECTROMECÁNICA | ÁREA DE ELECTROMECÁNICA | 621.402.2 C395tf | 51680 | 3 | Libros |
| ÁREA DE ELECTROMECÁNICA | ÁREA DE ELECTROMECÁNICA | 621.402.2 C395tf | 51682 | 5 | Libros |
| ÁREA DE QUÍMICA | ÁREA DE QUÍMICA | 621.402.2 C395tf | 52573 | 7 | Libros |
